| 000 | 00988nam a2200337 a 4500 | ||
|---|---|---|---|
| 001 | ASIN0787676659 | ||
| 005 | 20170105102902.0 | ||
| 008 | 131011s2003 xxu eng d | ||
| 020 | _a0787676659 (hardcover) | ||
| 020 | _a9780787676650 (hardcover) | ||
| 040 | _a0 | ||
| 050 | 0 | 4 | _aD843 |
| 082 | 0 | 4 | _a909.825 |
| 100 | 1 | _aHanes, Sharon M. | |
| 245 | 1 | 0 |
_aCold war : _bbiographies / _cSharon M. Hanes. |
| 260 |
_a[S.l.] : _bGale Group (J), _c2003. |
||
| 300 | _a1 v. (unpaged) | ||
| 490 | 1 | _aU-x-l cold war reference library. | |
| 500 | _aImport. | ||
| 650 | 0 | _aBiography | |
| 650 | 0 | _aCold War (1945-1989) | |
| 650 | 0 | _aCuban Missile Crisis (1962) | |
| 650 | 0 | _aHistory, Modern | |
| 650 | 0 | _aInternational relations | |
| 650 | 0 | _aSoviet Union | |
| 650 | 0 | _aUnited States | |
| 650 | 0 | _aWorld politics | |
| 830 | 0 | _aU-x-l cold war reference library. | |
| 856 | 4 | 0 |
_3Amazon.com _uhttp://www.amazon.com/exec/obidos/ASIN/0787676659/chopaconline-20 |
| 942 |
_2ddc _cBK |
||
| 999 |
_c14686 _d14686 |
||